| 000 | 00435nam a22001577a 4500 | ||
|---|---|---|---|
| 005 | 20231221135346.0 | ||
| 008 | 231221b |||||||| |||| 00| 0 eng d | ||
| 020 | _a978-1-4453-6217-5 | ||
| 082 | _a658.1508 | ||
| 245 |
_aACCA:F9- _bFinancial Management: Practice & Revision kit |
||
| 260 |
_aPakistan _bBPP Learning Media _c2013 |
||
| 300 | _a372 | ||
| 500 | _aMock Examination given. | ||
| 650 | _aFnancial management | ||
| 999 |
_c34945 _d34945 |
||